Pays avec les pires Passeports - Statistiques

Statistiques générales
  • Ce quiz a été pris 129 fois
  • Le résultat moyen est 15 sur 29
Statistiques - réponses
# Pays % Correct
37 Afghanistan
83%
43 Irak
81%
54 Iran
77%
38 Syrie
70%
44 Pakistan
69%
53 R.D Congo
69%
50 Corée du Nord
66%
57 Congo
65%
52 Soudan
65%
44 Somalie
64%
60 Mali
60%
52 Soudan du Sud
57%
54 Ethiopie
53%
50 Érythrée
52%
45 Yémen
50%
52 Libye
46%
53 Nigeria
46%
57 Liban
44%
49 Bangladesh
43%
60 Djibouti
39%
60 République Centrafrique
35%
59 Cameroun
32%
58 Libéria
31%
57 Burundi
30%
60 Guinée-Bissau
29%
58 Birmanie
28%
53 Népal
26%
59 Tchad
23%
57 Sri Lanka
22%
Aucun quiz correspondant
Distribution des résultats
% des personnes avec chaque résultat
Percentile par nombre de réponses
Votre historique - résultats
Vous n’avez pas pris ce quiz